| 000 | 00504nam a22002057a 4500 | ||
|---|---|---|---|
| 001 | 22193 | ||
| 005 | 20260407092153.0 | ||
| 008 | 260407b |||||||| |||| 00| 0 spa d | ||
| 041 | _aESP | ||
| 082 |
_a624.15136 _bJ81 T. 3 |
||
| 100 | _aJuárez Badillo, Eulalio | ||
| 245 |
_aMecánica de suelos : _b flujo de agua en suelos |
||
| 260 |
_a : _b , _c2013 |
||
| 300 |
_a000 páginas : _b ; _c00 cm. |
||
| 440 | _a ; | ||
| 650 | _aTCA | ||
| 654 | _aCII | ||
| 700 | _a; | ||
| 942 |
_cLIB _dJUS _fJUS _n0 _2ddc |
||
| 999 |
_c22193 _d22193 |
||